Climate change in California : risk and response /

Bibliographic Details
Main Author: Kahrl, Fredrich
Corporate Author: ebrary, Inc
Other Authors: Roland-Holst, David W.
Format: eBook
Language:English
Published: Berkeley : University of California Press, [2012]
Subjects:
Online Access:Connect to the full text of this electronic book

MARC

Tag First Indicator Second Indicator Subfields
LEADER 00000cam a2200000Ia 4500
001 in00002781590
006 m d
007 cr cn|||||||||
008 120306s2012 cau o 001 0 eng d
005 20250816223049.2
010 |z  2012003935 
020 |z 9780520271814 (pbk. : alk. paper) 
020 |z 9780520953802 
035 |a (CaPaEBR)ebr10590395 
040 |a CaPaEBR  |c CaPaEBR  |d UtOrBLW 
050 1 4 |a QC903.2.U6  |b K35 2012eb 
082 0 4 |a 363.738/7409794  |2 23 
100 1 |a Kahrl, Fredrich. 
245 1 0 |a Climate change in California :  |b risk and response /  |c Fredrich Kahrl and David Roland-Holst. 
264 1 |a Berkeley :  |b University of California Press,  |c [2012] 
264 4 |c ©2012 
300 |a 1 online resource (x, 156 pages) 
336 |a text  |b txt  |2 rdacontent 
337 |a computer  |b c  |2 rdamedia 
338 |a online resource  |b cr  |2 rdacarrier 
500 |a Includes index. 
500 |a Electronic resource. 
650 0 |a Climatic changes  |z California. 
650 0 |a Climatic changes  |x Economic aspects  |z California. 
655 7 |a Electronic books.  |2 local 
700 1 |a Roland-Holst, David W. 
710 2 |a ebrary, Inc. 
856 4 0 |u https://ebookcentral.proquest.com/lib/tamucs/detail.action?docID=999935  |y Connect to the full text of this electronic book  |t 0 
980 |a 120925  |b 29.95  |c USD  |e 44.93  |f YBP_EBR0000043082  |g 1 
999 f f |s 05b70c58-3f2d-3a80-a265-953c23656626  |i 84d74326-e00e-3d36-92ed-fa3175ef0e2b  |t 0 
999 |a MARS 
952 f f |a Texas A&M University  |b College Station  |c Electronic Resources  |d Available Online  |t 0  |e QC903.2.U6 K35 2012eb  |h Library of Congress classification 
998 f f |a QC903.2.U6 K35 2012eb  |t 0  |l Available Online